Представление документа в формате RUSMARC

ПолеНазваниеЗначение
  Тип записи a
  Библиографический уровень m
001 Контрольный номер Book/20373
005 Дата корректировки 20240221170016.5
010 Индекс ISBN __
a ISBN 5-17-039490-Х
b Уточнения в пер.
d Цена 25 р.
9 Тираж 5 000 экз.
090 Данные записи __
a Состояние записи 38.639
b Тип записи Книги
c Язык записи Русский
d Отрасль знаний (КСУ) Другая
e Секретность Несекретно
g Вид записи Монография (однотомник)
x Дата передачи записи для обработки И20
100 Данные общей обработки __
a Данные общей обработки 20120904d2013 u u 1rusy ||||ca
101 Язык документа 0_
a Язык текста rus
105 Кодированные данные (монография) __
a Кодированные данные (монография) a z 000yy
200 Заглавие и сведения об ответственности 1_
a Заглавие Перепланировка, ремонт и дизайн квартиры
b Общее обозначение материала Текст
e Сведения, относящиеся к заглавию современные отделочные материалы и технологии работы с ними
f Первые сведения об ответственности Ю.Н. Иванов
210 Выходные данные 1_
a Место издания Москва
c Издательство Астрель
c Издательство АСТ
c Издательство Хранитель
d Дата издания 2007
215 Физическое описание __
a Объем 311, [7] с.
225 Серия 1_
a Серия Строительство и дизайн
686 Индексы других классификаций __
a Классификационный индекс 38.639
2 Код системы rubbk
700 Автор _1
a Фамилия Иванов
801 Источник записи _0
a Страна RU
b Организация МБУК ЦБС г. Ульяновска
c Дата составления 20120904
801 Источник записи _1
a Страна RU
b Организация МБУК ЦБС г. Ульяновска
c Дата составления 20120904
899 Данные о местонахождении __
3 Книга № 49270
a Местонахождение 8 ф
d Название фонда Инв.книга №1
q Состояние Свободно
x Инвентарный номер 156525
910 Корректоры записи __
a Корректор записи Тихонова